000 01084nam a2200301 a 4500
001 vtls000135781
003 NLI
005 20210601211259.0
008 101125s1973 xxca 000 0 eng
020 _a0802052681 :
_cUSD 17.50
039 9 _y201011251442
_zVLOAD
040 0 _aNLI
_beng
_cEntertech-FY 2010
_eAACR2
041 0 _aeng
044 _axxc
082 0 4 _a017.2
100 1 _aValdes, Mario J.
_9103999
245 1 3 _aAn Unamuno source book :
_ba catalogue of readings and acquisitions, with an introductory essay on Unamuno's dialectical enquiry /
_cMario J. Valdes and Maria Elena de Valdes
260 _a[Toronto :
_bUniversity of Toronto Press,
_c1973
300 _axxxviii, 305 p. :
_bill. ;
_c24 cm.
600 1 0 _aUnamuno, Miguel de,
_d1864-1936
_xLibrary
_9275504
600 1 0 _aUnamuno, Miguel de,
_d1864-1936
_xBooks and reading
_9275505
700 1 _aValdes, Maria Elena de,
_4jt. aut
_9275506
887 _a
901 _a464221
_b16.8.1980.
902 _aE 017.2 V 233.
949 _AVIRTUAITEM
_D10000
_X100
_6PUR000464221ENG
942 _2ddc
_cBKS
999 _aVIRTUA40
_c141019
_d141019